000 00269nam a22001097a 4500
020 _a9789382036272
082 _a660.6
_bRAO/BI
100 _aRao, Madhusudan
245 _aBiotechnology: concepts and applications
260 _aNew Delhi
_bBlack Prints
_c2013
942 _cBK
999 _c13993
_d13993